000 00700nam a2200253 a 4500
001 34190
003 AR-BaAGN
005 20231116145341.0
007 ta
008 220625s1974 ag |||||r|||| ||||||spa d
040 _dAR-BaAGN
_aAR-BaAGN
_bspa
_eaacr
100 1 _aRosmini Servati, Antonio
245 1 0 _aBreve esquema de los sistemas de filosofía moderna y de mi propio sistema
250 _a4ª ed.
260 _aBuenos Aires :
_bAguilar,
_c1974.
300 _a92 páginas
336 _2rdacontent
_btxt
337 _2rdamedia
_bn
338 _2rdacarrier
_bnc
490 0 _aBiblioteca de iniciación filosófica ;
_v15
650 4 _aFILOSOFÍA
_91702
942 _cLIBRO
999 _c34190
_d34190